| 000 | 00864pam a2200265 a 4500 | ||
|---|---|---|---|
| 999 |
_c3113 _d3113 |
||
| 003 | OSt | ||
| 005 | 20210817091638.0 | ||
| 008 | 890209s1989 nyu b 001 0 eng c | ||
| 020 | _a0387969497 (alk. paper) | ||
| 040 | _cDLC | ||
| 043 | _an-us--- | ||
| 050 | 0 | 0 |
_aR840 _b.B32 1989 |
| 060 | _aW 89 B398 | ||
| 245 | 0 | 0 |
_aBecoming a family physician / _cMarilyn Little, John E. Midtling, editors. |
| 260 |
_aNew York : _bSpringer-Verlag, _cc1989. |
||
| 300 |
_axv, 286 p. ; _c24 cm. |
||
| 504 | _aIncludes bibliographies and index. | ||
| 650 | 0 |
_aPhysicians (General practice) _xTraining of _zUnited States. |
|
| 650 | 0 |
_aFamily medicine _xStudy and teaching (Residency) _zUnited States. |
|
| 650 | 2 | _aFamily Practice. | |
| 700 | 1 | _aLittle, Marilyn. | |
| 700 | 1 | _aMidtling, John E. | |
| 906 |
_a7 _bcbc _corignew _d1 _eocip _f19 _gy-gencatlg |
||
| 942 |
_2lcc _cBK _nSO |
||